000 00303nam a22001217a 4500
020 _a0-19-569835-5
082 _a297.0954 ROB
100 _aRobinson Francis
245 _aIslam South Asia, and The West
260 _aNew Delhi
_bOxford University Press
_c2008
650 _aIslam-South Asia
942 _cBK
999 _c20333
_d20333